| 000 | 00375nam a22001457a 4500 | ||
|---|---|---|---|
| 003 | SGT | ||
| 020 | _a9789350513194 | ||
| 082 | _a364.6,MOH | ||
| 100 | _aMOHANTY R.K. | ||
| 245 | _aTEXTBOOK OF CRIMINOLOGY PENOLOGY AND VICTIMOLOGY | ||
| 260 |
_aNEW DELHI _bHIMALAYA PUBLICATION _c2015 |
||
| 300 | _a481 | ||
| 650 | _a CRIMINOLOGY PENOLOGY AND VICTIMOLOGY | ||
| 942 |
_2ddc _cBK |
||
| 999 |
_c10971 _d10971 |
||